• 首页
  • 本馆介绍
  • 公告通知
  • 最新文献
  • 馆藏检索
  • 电子资源
  • 读者导购
  • 参考咨询
  • 我的图书馆
  • 登录
  • 详细信息显示
  • 放入我的书架
  • 预约/预借图书
  • 作者相关作品
  • 分类相关作品
  • 丛书相关作品
  • 出版社相关作品

书目信息

  • 表格格式
  • 工作单格式
  • 卡片格式
题名:
儒学经典三百句
    
 
作者: ;中共济宁市委 , 济宁市文学艺术界联合会 编
分册:  
出版信息: 济南   山东人民出版社  2016
页数: 12,313页
开本: 24cm
丛书名:
单 册:
中图分类: B222.02
科图分类:
主题词: 儒家--ru jia--通俗读物
电子资源:
ISBN: 978-7-209-09658-4
000 00851nam0 22002411 450
001 1760941430
005 20170619171935.0
010    @a978-7-209-09658-4@dCNY36.00
100    @a20161025d2016 em y0chiy50 ea
101 0  @achi
102    @aCN@b370000
105    @ay z 000yy
106    @ar
200 1  @a儒学经典三百句@9ru xue jing dian san bai ju@f中共济宁市委宣传部,济宁市文学艺术界联合会编
210    @a济南@c山东人民出版社@d2016
215    @a12,313页@d24cm
330    @a本书收录了儒学经典三百句,分崇德篇、理政篇、修身篇、处世篇、教育篇、艺文篇六部分。
606 0  @a儒家@9ru jia@j通俗读物
690    @aB222.02@v5
711 02 @a中共济宁市委@9zhong gong ji ning shi wei@b宣传部@4编
711 02 @a济宁市文学艺术界联合会@9ji ning shi wen xue yi shu jie lian he hui@4编
801  0 @aCN@b百万庄@c20170617
905    @b1013691-3@dB222.02@e628@f3
    
    儒学经典三百句/中共济宁市委宣传部,济宁市文学艺术界联合会编.-济南:山东人民出版社,2016
    12,313页;24cm
    
    
    ISBN 978-7-209-09658-4:CNY36.00
    本书收录了儒学经典三百句,分崇德篇、理政篇、修身篇、处世篇、教育篇、艺文篇六部分。
●
相关链接 在E读中查询图书 在五车中查询图书 在当当中查询图书 在豆瓣中查询图书


正题名:儒学经典三百句     索取号:B222.02/628         预约/预借

序号 登录号 条形码 馆藏地/架位号 状态 备注
1 1013691   210136912   第一样本阅览室/ [索取号:B222.02/628] 在馆    
2 1013692   210136921   教育系资料室/ [索取号:B222.02/628] 在馆    
3 1013693   210136930   第一借阅区/ [索取号:B222.02/628] 在馆    
唐山师范学院图书馆 欢迎您!
大连网信软件有限公司© 版权所有